ICC Batsman Rankings - Statistics

General Stats
  • This quiz has been taken 17 times
  • The average score is 28 of 60
Answer Stats
Format Answer % Correct
Test Joe Root
93%
ODI Virat Kohli
93%
ODI Rohit Sharma
87%
ODI Shubman Gill
87%
Test Steven Smith
87%
ODI Steven Smith
87%
Test Travis Head
87%
ODI Travis Head
87%
T20I Travis Head
87%
Test Harry Brook
80%
ODI KL Rahul
80%
Test Yashasvi Jaiswal
80%
T20I Yashasvi Jaiswal
80%
Test Babar Azam
73%
ODI Babar Azam
73%
T20I Babar Azam
73%
Test Kane Williamson
73%
Test Sean Williams
73%
T20I Jos Buttler
67%
Test Marnus Labuschagne
67%
Test Mohammad Rizwan
67%
T20I Mohammad Rizwan
67%
T20I Suryakumar Yadav
67%
Test Rishabh Pant
60%
Test Usman Khawaja
60%
Test Ben Duckett
53%
T20I Tilak Varma
53%
T20I Phil Salt
47%
T20I Sanju Samson
47%
Test Temba Bavuma
47%
Test Aiden Markram
40%
Test Daryl Mitchell
40%
ODI Daryl Mitchell
40%
ODI Shreyas Iyer
40%
ODI Heinrich Klaasen
33%
ODI Fakhar Zaman
27%
Test Kamindu Mendis
27%
T20I Kusal Mendis
27%
ODI Shai Hope
27%
ODI Ibrahim Zadran
20%
T20I Josh Inglis
20%
T20I Nicholas Pooran
20%
Test Saud Shakeel
20%
ODI Will Young
20%
ODI Charith Asalanka
13%
T20I Glenn Phillips
13%
ODI Harry Tector
13%
T20I Kusal Perera
13%
ODI Pathum Nissanka
13%
T20I Pathum Nissanka
13%
ODI Rahmanullah Gurbaz
13%
T20I Rahmanullah Gurbaz
13%
ODI Rassie Van Der Dussen
13%
T20I Reeza Hendricks
13%
T20I Ruturaj Gaikwad
13%
T20I Andries Gous
7%
Test Dhananjaya De Silva
7%
Test Dinesh Chandimal
7%
T20I Johnson Charles
7%
ODI Paul Stirling
7%
No matching quizzes found
Score Distribution
Percent of People with Each Score
Percentile by Number Answered
Your Score History
You have not taken this quiz